[Event "Indywidualne Mistrzostwa Polski do lat 20"]
[Site "Osrodek „SUDETY”, Pokrzywna 75"]
[Date "1899-12-30"]
[Round "2.24"]
[White "Kutowski, Marcel"]
[Black "Lechowski, Witold"]
[Result "1-0"]
[WhiteTitle "I+"]
[BlackTitle "II"]
[WhiteElo "1894"]
[BlackElo "1701"]

1. e4 e5 2. Nf3 Nc6 3. Bb5 Nf6 4. O-O Nxe4 5. d4 Nd6 6. Bxc6 dxc6 7. dxe5 Nf5 8.
Qxd8+ Kxd8 9. b3 Be7 10. Nbd2 Be6 11. Bb2 b6 12. Ne4 h6 13. c4 Kc8 14. h3 Kb7
15. Rad1 a5 16. g4 Nh4 17. Nxh4 Bxh4 18. f4 g6 19. f5 gxf5 20. gxf5 Rhg8+ 21.
Kh2 Bc8 22. Rd4 Ka7 23. Bc1 c5 24. Rd3 Bb7 25. Rf4 Be7 26. Rd7 Rae8 27. Bb2 Kb8
28. e6 Bg5 29. Rg4 fxe6 30. f6 Ref8 31. Nxg5 hxg5 32. Be5 Bf3 33. Rg3 Bh5 34.
Rxc7 Ka8 35. Rd3 Be8 36. Rd8# 1-0

[Event "Indywidualne Mistrzostwa Polski do lat 20"]
[Site "Osrodek „SUDETY”, Pokrzywna 75"]
[Date "1899-12-30"]
[Round "2.25"]
[White "Stefaniuk, Zbigniew"]
[Black "Paprocki, Antoni"]
[Result "1-0"]
[WhiteTitle "II+"]
[BlackTitle "I++"]
[WhiteElo "1601"]
[BlackElo "1889"]

1. d4 Nf6 2. c4 e6 3. Nf3 b6 4. a3 Ba6 5. Qc2 Bb7 6. Nc3 c5 7. e4 cxd4 8. Nxd4
Bc5 9. Nb3 Nc6 10. Nxc5 bxc5 11. Be3 Qe7 12. Rd1 a6 13. Be2 O-O 14. O-O d6 15.
f3 Rfd8 16. Bf2 Rab8 17. Rfe1 Ba8 18. Bf1 Nd4 19. Qd2 e5 20. Bxd4 cxd4 21. Nd5
Bxd5 22. cxd5 Qa7 23. Rc1 a5 24. Rc6 Rb3 25. Rec1 h6 26. Kh1 Qb8 27. R1c2 Nd7
28. Qxa5 Nc5 29. h3 d3 30. Rd2 Rd7 31. Kh2 Kh7 32. Rd1 Ra7 33. Qe1 Rxb2 34. Bxd3
Rxa3 35. Qf1 Raa2 36. Bc4 Rxg2+ 37. Qxg2 Rxg2+ 38. Kxg2 Qb2+ 39. Kf1 Qh2 40. Rxc5
Qxh3+ 41. Ke2 Qg2+ 42. Ke3 Qc2 43. Rd3 Qc1+ 44. Ke2 dxc5 45. d6 Qxc4 46. d7 Qc2+
47. Rd2 Qc4+ 48. Kf2 Qc1 49. d8=Q Qh1 50. Qd7 Qh2+ 51. Ke3 Qf4+ 52. Ke2 Qh2+ 53.
Kd3 Qg1 54. Qf5+ Kg8 55. Kc2 Qg6 56. Qxg6 1-0

[Event "Indywidualne Mistrzostwa Polski do lat 20"]
[Site "Osrodek „SUDETY”, Pokrzywna 75"]
[Date "1899-12-30"]
[Round "3.1"]
[White "Fus, Jakub"]
[Black "Mis, Mieszko"]
[Result "1/2-1/2"]
[WhiteTitle "FM"]
[BlackTitle "FM"]
[WhiteElo "2384"]
[BlackElo "2417"]

1. d4 Nf6 2. c4 e6 3. Nf3 Bb4+ 4. Bd2 a5 5. e3 b6 6. Bd3 Bb7 7. O-O O-O 8. Nc3
d6 9. Qc2 Bxf3 10. gxf3 Nbd7 11. a3 Bxc3 12. Bxc3 Qe7 13. b4 a4 14. Kh1 e5 15.
Rg1 c6 16. Rad1 Rfd8 17. dxe5 dxe5 18. Qb2 Qe6 19. Be2 Ne8 20. f4 f6 21. Bg4 Qf7
22. Qe2 exf4 23. exf4 Nf8 24. Bh5 g6 25. Bf3 Rxd1 26. Rxd1 Rc8 27. Bd4 Nd6 28.
Rc1 Ne6 29. Bxb6 Nxf4 30. Qd2 Nxc4 31. Qxf4 Nxb6 32. Rxc6 Rxc6 33. Bxc6 Qb3 34.
Kg2 Qe6 35. b5 Kg7 36. Qd4 Qc4 37. Qxc4 Nxc4 38. Bd5 Nb6 39. Be6 f5 40. Kf3 Kf6
41. Bg8 h6 42. Ke3 Ke5 43. f4+ Kd6 44. Kd4 g5 45. fxg5 hxg5 46. Bh7 f4 47. Bf5
Nd7 48. Bc2 1/2-1/2

[Event "Indywidualne Mistrzostwa Polski do lat 20"]
[Site "Osrodek „SUDETY”, Pokrzywna 75"]
[Date "1899-12-30"]
[Round "3.2"]
[White "Psyk, Radoslaw"]
[Black "Kacprzak, Karol"]
[Result "1/2-1/2"]
[WhiteTitle "k++"]
[BlackTitle "k"]
[WhiteElo "2412"]
[BlackElo "2226"]

1. e4 c5 2. Nf3 d6 3. c3 Nf6 4. Be2 Bd7 5. Qc2 Qc7 6. O-O g6 7. d3 Bg7 8. Bg5 O-O
9. Nbd2 e5 10. Nc4 Nc6 11. Nfd2 h6 12. Bh4 Be6 13. Ne3 Qd7 14. a4 b6 15. Ndc4
Ne8 16. Bg3 Nc7 17. Rae1 d5 18. exd5 Nxd5 19. Bf3 Nf4 20. Rd1 Rad8 21. Rfe1 Rfe8
22. h3 f5 23. Bxf4 exf4 24. Nf1 Bf7 25. Rxe8+ Rxe8 26. Qc1 g5 27. Nh2 Ne7 28.
Qc2 h5 29. Re1 Qc7 30. Nf1 g4 31. hxg4 hxg4 32. Bd1 Bd5 33. Qd2 Rd8 34. Bb3 Ng6
35. Qc2 Nh4 36. Ncd2 Qc6 37. g3 Ng6 38. a5 Kh8 39. Bxd5 Qxd5 40. axb6 axb6 41.
Qa4 Be5 42. Qa7 Rd7 43. Qxb6 Rh7 44. Ne4 fxe4 45. Qxg6 e3 46. Qe4 Qxe4 47. dxe4
Rb7 48. gxf4 exf2+ 49. Kxf2 Rxb2+ 50. Kg3 Bxc3 51. Rc1 Bd4 52. Kxg4 Rg2+ 53. Kf5
Rg1 54. e5 Kg7 55. Ke4 Kf7 56. f5 Rg4+ 57. Kd5 Rg5 58. Ke4 Rg4+ 59. Kf3 Rg5 60.
Kf4 Rg1 61. e6+ Kf6 62. Re1 Be5+ 63. Ke4 Bc3 64. Rb1 Rg4+ 65. Kd5 Bb4 66. Ne3
Rd4+ 67. Kc6 Re4 68. Rb3 Bd2 69. Nd5+ Kxf5 70. e7 Bg5 71. Kd7 Bxe7 72. Nxe7+ Ke5
73. Rb5 Kd4 74. Nf5+ Kd5 75. Kc7 Re5 76. Nh4 Re6 77. Nf3 Kc4 78. Rb1 Kc3 79. Rc1+
Kb4 80. Nd2 Re2 81. Nc4 Rh2 82. Ne5 c4 83. Rxc4+ Kb3 84. Rd4 Rh6 85. Rf4 Kc3 86.
Rg4 Rf6 87. Nc6 Kd3 88. Kb6 Rf5 89. Nb4+ Ke3 90. Kc6 Kf3 91. Rg1 Rf4 92. Nd5 Rc4+
93. Kd6 Re4 94. Nf6 Re2 95. Kd5 Re7 96. Kd4 Re6 97. Rf1+ Ke2 98. Rf4 Ra6 99. Ke5
Ra5+ 100. Nd5 Ra8 101. Re4+ Kd2 102. Rh4 Ke2 103. Rh3 Ra5 104. Rb3 Ra8 105. Nf6
Ra5+ 106. Kf4 Ra8 107. Re3+ Kd1 108. Rc3 Ke2 109. Re3+ Kd1 110. Ng4 Kd2 111. Rg3
Ra4+ 112. Ke5 Ra5+ 113. Kd4 Ra4+ 114. Kc5 Ra5+ 115. Kb4 Ra8 116. Nf6 Rc8 117.
Ne4+ Ke2 118. Nc5 Rf8 119. Kc4 Rf4+ 120. Kd5 Rf3 121. Rg4 Rf8 122. Ne6 Ra8 123.
Nd4+ Ke3 124. Rg3+ Kd2 125. Nc6 Ra4 126. Ne5 Ke2 127. Nc4 Ra8 128. Ke4 Re8+ 129.
Ne5 Kd2 130. Rb3 Ra8 131. Nf3+ Kc2 132. Nd4+ Kd2 133. Rd3+ Kc1 134. Rc3+ 1/2-1/2

[Event "Indywidualne Mistrzostwa Polski do lat 20"]
[Site "Osrodek „SUDETY”, Pokrzywna 75"]
[Date "1899-12-30"]
[Round "3.3"]
[White "Chylewski, Patryk"]
[Black "Pacan-milej, Kosma"]
[Result "0-1"]
[WhiteTitle "FM"]
[BlackTitle "FM"]
[WhiteElo "2303"]
[BlackElo "2401"]

1. d4 Nf6 2. Nf3 g6 3. e3 Bg7 4. b3 c5 5. Bb2 cxd4 6. exd4 O-O 7. Nbd2 Nc6 8. Be2
Nd5 9. O-O Nf4 10. Re1 Nxe2+ 11. Qxe2 d5 12. Ne5 Nxe5 13. dxe5 Qa5 14. c4 Be6
15. cxd5 Bxd5 16. Nc4 Bxc4 17. Qxc4 Rfd8 18. Bc3 Qd5 19. Qxd5 Rxd5 20. Rad1 Rxd1
21. Rxd1 Rc8 22. Ba1 Kf8 23. Kf1 Ke8 24. g3 Rc5 25. Re1 Rc2 26. a4 e6 27. Bd4
a6 28. Rd1 Bh6 29. Bb6 Rd2 30. Rxd2 Bxd2 31. Ke2 Bc3 32. f4 Kd7 33. Bf2 Kc6 34.
Kd3 Bb4 35. Kc4 Ba5 36. Bd4 b5+ 37. axb5+ axb5+ 38. Kd3 Kd5 39. Bf2 Bd8 40. Be3
Ba5 41. Bf2 h5 42. Bg1 g5 43. Bf2 Bd8 44. Ba7 Be7 45. Bb6 g4 46. Bd4 h4 47. gxh4
Bxh4 48. Ba7 f6 49. exf6 Bxf6 50. Ke3 Bb2 51. Kf2 Ke4 52. Kg3 Kf5 53. Bb8 Bc1
54. Bc7 Bd2 55. Bb8 Be1+ 56. Kg2 Ke4 57. Bd6 Kd5 58. Be5 Kc5 59. h3 gxh3+ 60.
Kxh3 Kb4 61. Kg4 Kxb3 62. f5 exf5+ 63. Kxf5 Kc4 64. Bd6 Bb4 65. Bc7 Bc3 66. Bd6
Kd5 67. Ba3 Bd4 68. Kf4 Bc5 69. Bb2 b4 70. Kf3 Kc4 71. Ke4 Kb3 72. Be5 Kc2 73.
Kd5 Be7 74. Kc4 b3 75. Bd4 Ba3 76. Be5 Bb2 77. Bd6 Bf6 78. Ba3 Be7 79. Bc1 Bd6
80. Kd4 0-1

[Event "Indywidualne Mistrzostwa Polski do lat 20"]
[Site "Osrodek „SUDETY”, Pokrzywna 75"]
[Date "1899-12-30"]
[Round "3.4"]
[White "Kosakowski, Jakub"]
[Black "Krawczyk, Flawian"]
[Result "1-0"]
[WhiteTitle "IM"]
[BlackTitle "I++"]
[WhiteElo "2437"]
[BlackElo "2114"]

1. e4 c5 2. Nf3 d6 3. Bb5+ Nd7 4. O-O Ngf6 5. Ba4 e6 6. Re1 a6 7. c3 b5 8. Bc2
c4 9. b3 Bb7 10. bxc4 bxc4 11. Na3 d5 12. Rb1 Qc7 13. e5 Ne4 14. Nxc4 Bc6 15.
Nd4 Rc8 16. Bxe4 dxe4 17. Nxc6 Qxc6 18. Na5 Qd5 19. Qa4 Bc5 20. Rb7 Rd8 21. Rxe4
O-O 22. Nc6 Rde8 23. Re2 Bxf2+ 24. Rxf2 Nc5 25. Qb4 Qxc6 26. Rb6 Qc7 27. Ba3 Nd3
28. Qd4 Nxf2 29. Bxf8 Rxf8 30. Kxf2 f6 31. Qd6 fxe5+ 32. Ke1 Qc4 33. Qxe6+ Qxe6
34. Rxe6 Rb8 35. Rxe5 Rb2 36. Ra5 Rb1+ 37. Ke2 Rg1 38. Kf2 Rd1 39. Ke3 Rg1 40.
g3 1-0

[Event "Indywidualne Mistrzostwa Polski do lat 20"]
[Site "Osrodek „SUDETY”, Pokrzywna 75"]
[Date "1899-12-30"]
[Round "3.5"]
[White "Niedbala, Bartlomiej"]
[Black "Sidorczuk, Pawel"]
[Result "1/2-1/2"]
[WhiteTitle "FM"]
[BlackTitle "I+"]
[WhiteElo "2385"]
[BlackElo "1887"]

1. e4 e5 2. Nf3 Nc6 3. Bb5 a6 4. Ba4 Nf6 5. O-O Be7 6. Re1 b5 7. Bb3 O-O 8. a4
Rb8 9. axb5 axb5 10. h3 d6 11. d3 h6 12. Nc3 Re8 13. Ne2 Bf8 14. Ng3 Ne7 15. Nh4
c5 16. Qf3 Nc6 17. Nhf5 Be6 18. Bxe6 fxe6 19. Ne3 Nd4 20. Qd1 b4 21. c3 Nb5 22.
cxb4 cxb4 23. Nc4 Qc7 24. Nh5 Nxh5 25. Qxh5 Ra8 26. Be3 Kh7 27. Rac1 g6 28. Qd1
Qb7 29. Qb3 Nd4 30. Bxd4 exd4 31. Rc2 d5 32. Nd2 Bd6 33. e5 Bf8 34. Nf3 Qb6 35.
Rec1 Bg7 36. Rc7 Kg8 37. R7c6 Qb7 38. Rc7 Qb6 39. Qd1 Ra7 40. Rxa7 Qxa7 41. Qd2
b3 42. Qb4 Qb8 43. Qxd4 Rc8 44. Rc3 Kh7 45. h4 Kh8 46. Kf1 Kh7 47. Ke2 Bf8 48.
Rxc8 Qxc8 49. Qc3 Qxc3 50. bxc3 d4 51. Nd2 b2 52. cxd4 Bb4 53. Nb1 Ba5 54. Ke3
1/2-1/2

[Event "Indywidualne Mistrzostwa Polski do lat 20"]
[Site "Osrodek „SUDETY”, Pokrzywna 75"]
[Date "1899-12-30"]
[Round "3.6"]
[White "Kozak, Antoni"]
[Black "Radzimski, Antoni"]
[Result "1-0"]
[WhiteTitle "m"]
[BlackTitle "I"]
[WhiteElo "2356"]
[BlackElo "1613"]

1. c4 e6 2. Nc3 d5 3. d4 c6 4. e3 Nf6 5. Nf3 Be7 6. Bd3 dxc4 7. Bxc4 b5 8. Bd3
Bb7 9. e4 a6 10. e5 Nd5 11. Ne4 h6 12. a3 Nd7 13. b4 a5 14. Nc5 Qc7 15. Bd2 Nxc5
16. bxc5 O-O 17. Qe2 f6 18. exf6 Nxf6 19. Qxe6+ Kh8 20. Ne5 1-0

[Event "Indywidualne Mistrzostwa Polski do lat 20"]
[Site "Osrodek „SUDETY”, Pokrzywna 75"]
[Date "1899-12-30"]
[Round "3.7"]
[White "Sernecki, Franciszek"]
[Black "Fiedorek, Michal"]
[Result "1/2-1/2"]
[WhiteTitle "FM"]
[BlackTitle "FM"]
[WhiteElo "2220"]
[BlackElo "2337"]

1. d4 d5 2. c4 e6 3. Nf3 Nf6 4. Nc3 c5 5. Bg5 cxd4 6. Nxd4 Be7 7. cxd5 exd5 8.
e3 O-O 9. Be2 h6 10. Bh4 Nc6 11. O-O Be6 12. Rc1 Rc8 13. Qd3 Qb6 14. Nxe6 fxe6
15. Qb5 Qxb5 16. Nxb5 a6 17. Nc3 Rfd8 18. Rfd1 Nd7 19. Bxe7 Nxe7 20. e4 Nf6 21.
e5 Nd7 22. f4 Rc6 23. Bg4 Kf7 24. Ne2 Rdc8 25. Rxc6 bxc6 26. Nd4 Nf8 27. b4 c5
28. bxc5 Rxc5 29. Kf2 Nc6 30. Nxc6 Rxc6 31. Rb1 Rc2+ 32. Kf3 Rxa2 33. Rb7+ Kg6
34. Rb6 Ra3+ 35. Kf2 Ra2+ 36. Kf3 Ra3+ 37. Kf2 Ra2+ 38. Kg3 Kf7 39. Rb7+ Kg6 40.
Rb6 Kf7 41. Rb7+ Kg6 42. Rb6 1/2-1/2

[Event "Indywidualne Mistrzostwa Polski do lat 20"]
[Site "Osrodek „SUDETY”, Pokrzywna 75"]
[Date "1899-12-30"]
[Round "3.8"]
[White "Warchol, Kamil"]
[Black "Koziorowicz, Michal"]
[Result "0-1"]
[WhiteTitle "CM"]
[BlackTitle "k+"]
[WhiteElo "1956"]
[BlackElo "2309"]

1. e4 c5 2. Nf3 e6 3. b3 Nc6 4. Bb2 d6 5. d4 cxd4 6. Nxd4 Nxd4 7. Qxd4 Nf6 8. Nc3
Be7 9. O-O-O e5 10. Bb5+ Bd7 11. Qa4 a6 12. Bxd7+ Qxd7 13. Qxd7+ Kxd7 14. f3 Ke6
15. a4 Rac8 16. Nd5 Nxd5 17. Rxd5 f5 18. Rf1 Rhf8 19. Rdd1 g6 20. Rde1 Bg5+ 21.
Kb1 Bd2 22. Rd1 Bc3 23. Ba3 Rc6 24. Bb2 Rf7 25. Rc1 h5 26. Bxc3 Rxc3 27. Kb2 Rfc7
28. Rfe1 h4 29. h3 R7c6 30. Re2 Kf6 31. Rd1 Kg5 32. Rxd6 Rxc2+ 33. Rxc2 Rxd6 34.
Re2 Kf4 35. Kc2 Rc6+ 36. Kd2 b5 37. axb5 axb5 38. Ke1 Rc3 39. exf5 gxf5 40. Rb2
b4 41. Ke2 Kg3 42. Kd1 Re3 43. Kd2 Kf2 44. Kd1+ Kf1 45. Rd2 Re1+ 46. Kc2 Re2 47.
Rxe2 Kxe2 48. Kc1 Kf2 49. Kd2 Kxg2 0-1

[Event "Indywidualne Mistrzostwa Polski do lat 20"]
[Site "Osrodek „SUDETY”, Pokrzywna 75"]
[Date "1899-12-30"]
[Round "3.9"]
[White "Wojdak, Jan"]
[Black "Luczak, Filip"]
[Result "0-1"]
[WhiteTitle "k"]
[BlackTitle "FM"]
[WhiteElo "2178"]
[BlackElo "2273"]

1. e4 e6 2. d4 d5 3. Nd2 Be7 4. Ngf3 Nf6 5. e5 Nfd7 6. Bd3 c5 7. c3 b6 8. Qe2 a5
9. O-O Ba6 10. c4 Nc6 11. cxd5 Bxd3 12. Qxd3 exd5 13. Re1 O-O 14. Qf5 Qc8 15.
Qg4 cxd4 16. Nb3 Nc5 17. Qg3 Ne6 18. Rd1 Bc5 19. Nh4 Qc7 20. f4 f5 21. Bd2 Qf7
22. Nc1 Nb4 23. Nd3 Qh5 24. Nxb4 axb4 25. Nf3 Qg4 26. Kh1 Ra7 27. Ne1 Qxg3 28.
hxg3 Rfa8 29. g4 g6 30. gxf5 gxf5 31. g4 fxg4 32. f5 Ng7 33. f6 Ne6 34. Nd3 Kf7
35. Kg2 h5 36. Kg3 Kg6 37. Rf1 b3 38. a3 Rc8 39. Rac1 Rac7 40. Nf4+ Nxf4 41. Rxf4
Kf7 42. Rh1 Rh8 43. Rxg4 Ke6 44. Rg5 d3 45. Rf1 Bd4 46. Bb4 Bxe5+ 47. Rxe5+ Kxe5
48. f7 d2 49. Bxd2 Rcc8 50. Bb4 Rhf8 51. Bxf8 Rxf8 52. Rf3 d4 53. Kf2 Ke4 54.
Ke2 h4 55. Rh3 Rxf7 56. Rxh4+ Kd5 57. Rh6 Kc5 58. Rh8 Rg7 59. Rc8+ Kb5 60. Kd3
Rg2 61. Kxd4 Rxb2 62. Kd3 Rh2 63. Rg8 b2 64. Rg1 Ka4 65. Kc3 Kxa3 66. Rg8 Ka2
67. Ra8+ Kb1 68. Rg8 Rh3+ 69. Kb4 Rh4+ 70. Kc3 Rh3+ 71. Kb4 Rd3 72. Rc8 Rd7 73.
Kb3 Ra7 0-1

[Event "Indywidualne Mistrzostwa Polski do lat 20"]
[Site "Osrodek „SUDETY”, Pokrzywna 75"]
[Date "1899-12-30"]
[Round "3.10"]
[White "Raczek, Krzysztof"]
[Black "Kacprzak, Kacper"]
[Result "1/2-1/2"]
[WhiteTitle "I++"]
[BlackTitle "k"]
[WhiteElo "2029"]
[BlackElo "2219"]

1. e4 e5 2. Nf3 Nc6 3. Bc4 Nf6 4. d3 Be7 5. O-O O-O 6. c3 d6 7. Bb3 Na5 8. Bc2
c5 9. Re1 Re8 10. Nbd2 Bf8 11. Nf1 a6 12. a4 Qc7 13. Bg5 Be7 14. Ne3 Be6 15. d4
b5 16. axb5 axb5 17. dxe5 dxe5 18. Bxf6 Bxf6 19. b4 cxb4 20. cxb4 Nc4 21. Rxa8
Rxa8 22. Nd5 Qd8 23. Nd2 Nb6 24. Nc3 Be7 25. Nd5 Bxd5 26. exd5 Bxb4 27. Bxh7+
Kxh7 28. Qb1+ Kg8 29. Qxb4 Qxd5 30. Rb1 Nc4 31. Nf1 Rb8 32. h3 Qd4 33. Qe7 Qd6
34. Qh4 Nd2 35. Nxd2 Qxd2 36. Qe7 Qd5 37. Rb4 Rc8 38. Rg4 Qe6 39. Qg5 g6 40. Rh4
Re8 1/2-1/2

[Event "Indywidualne Mistrzostwa Polski do lat 20"]
[Site "Osrodek „SUDETY”, Pokrzywna 75"]
[Date "1899-12-30"]
[Round "3.11"]
[White "Leskiewicz, Ignacy"]
[Black "Mulawa, Cyprian"]
[Result "0-1"]
[WhiteTitle "k"]
[BlackTitle "I"]
[WhiteElo "2177"]
[BlackElo "2010"]

1. e4 c5 2. Nf3 Nc6 3. d4 cxd4 4. Nxd4 d5 5. Bb5 dxe4 6. Nxc6 Qxd1+ 7. Kxd1 a6
8. Ba4 Bd7 9. Nc3 Bxc6 10. Bxc6+ bxc6 11. Nxe4 e5 12. Ke2 f5 13. Nd2 Kf7 14. Nc4
Ke6 15. b3 Nf6 16. Bb2 Bd6 17. f4 e4 18. Nxd6 Kxd6 19. Rad1+ Ke6 20. Bxf6 gxf6
21. Rd4 Rhd8 22. Rhd1 Rd5 23. c4 Rxd4 24. Rxd4 Rg8 25. g3 h5 26. c5 h4 27. Rd6+
Ke7 28. Rxc6 hxg3 29. hxg3 Rxg3 30. Rxa6 Rg2+ 31. Ke3 Rg3+ 32. Ke2 Rg2+ 33. Ke1
Rg1+ 34. Kd2 Rg2+ 35. Ke1 Rg1+ 36. Kf2 Rg4 37. b4 Rxf4+ 38. Ke2 Rh4 39. b5 f4
40. b6 Rh2+ 41. Kd1 f3 42. b7 Rb2 43. Rb6 f2 44. Rxb2 f1=Q+ 45. Kc2 Qd3+ 46. Kc1
Qe3+ 47. Kd1 Qg1+ 48. Kd2 Qd4+ 49. Kc2 Qxc5+ 50. Kd1 Qg1+ 51. Kc2 Qh2+ 52. Kc3
Qe5+ 53. Kc2 Qb8 54. a4 Kd7 55. a5 Kc7 56. a6 Qa7 57. Kb1 Kb8 58. Ra2 Qg1+ 59.
Kb2 Qf2+ 60. Kb3 Qxa2+ 0-1

[Event "Indywidualne Mistrzostwa Polski do lat 20"]
[Site "Osrodek „SUDETY”, Pokrzywna 75"]
[Date "1899-12-30"]
[Round "3.12"]
[White "Malek, Jan"]
[Black "Budzisz, Adrian"]
[Result "1-0"]
[WhiteTitle "I++"]
[BlackTitle "I++"]
[WhiteElo "2149"]
[BlackElo "1985"]

1. d4 Nf6 2. c4 g6 3. Nc3 Bg7 4. e4 d6 5. Be2 O-O 6. Be3 c5 7. d5 a6 8. a4 Qa5
9. Kf1 Ne8 10. h4 e6 11. h5 f5 12. dxe6 Bxe6 13. Nh3 Bxc3 14. Ng5 Bf7 15. bxc3
f4 16. hxg6 Bxg6 17. Qd5+ Rf7 18. Nxf7 Bxf7 19. Qg5+ Bg6 20. Qd5+ Bf7 21. Qg5+
Bg6 22. Bxf4 Qxc3 23. Rd1 Nc6 24. Bxd6 Rd8 25. Rh3 Qb2 26. Qd5+ Bf7 27. Rg3+ Ng7
28. Qxc5 Kh8 29. Rgd3 Re8 30. e5 Nf5 31. R3d2 Qc3 32. Qa3 Qa5 33. Qf3 Be6 34.
g4 Ng7 35. Qf6 Kg8 36. Rb2 Nd8 37. Rd4 Bf7 38. Rb4 Nge6 39. Rd5 Nc5 40. Qg5+ Bg6
41. Bxc5 Ne6 42. Bd6 1-0

[Event "Indywidualne Mistrzostwa Polski do lat 20"]
[Site "Osrodek „SUDETY”, Pokrzywna 75"]
[Date "1899-12-30"]
[Round "3.13"]
[White "Zalega, Maciej"]
[Black "Jarzebowski, Kacper"]
[Result "1-0"]
[WhiteTitle "I"]
[BlackTitle "k+"]
[WhiteElo "1985"]
[BlackElo "2148"]

1. e4 c6 2. d4 d5 3. Nc3 dxe4 4. Nxe4 Nf6 5. Nxf6+ exf6 6. c3 Bd6 7. Bd3 O-O 8.
Qc2 Re8+ 9. Ne2 h5 10. O-O h4 11. Nf4 Nd7 12. Qd1 g6 13. Nxg6 fxg6 14. Bxg6 Nf8
15. Bxe8 Qxe8 16. b3 Qg6 17. Re1 Bg4 18. f3 Bd7 19. Qd2 Ne6 20. Qf2 h3 21. g3
Kf7 22. Re4 Rh8 23. Re2 Nf4 24. Bxf4 Bxf4 25. Rae1 Bd6 26. Re3 Re8 27. Rxe8 Bxe8
28. Qe2 Bd7 29. Qe4 Qh6 30. c4 f5 31. Qc2 Qg7 32. Qf2 b6 33. f4 c5 34. d5 b5 35.
Kf1 Kg6 36. Qd2 Kh6 37. Re3 Qf6 38. Qe2 a6 39. a4 Qa1+ 40. Qe1 Qb2 41. Qe2 Qa1+
42. Qe1 Qf6 43. Qe2 Kg6 44. axb5 axb5 45. Qa2 Qd4 46. Qe2 Qa1+ 47. Qe1 Qb2 48.
Qe2 Qd4 49. Rd3 Qe4 50. Qxe4 fxe4 51. Rd2 bxc4 52. bxc4 Bg4 53. Kf2 Kf7 54. Ke3
Bf3 55. Rf2 Bg2 56. Rxg2 hxg2 57. Kf2 Be7 58. Kxg2 Kg6 59. Kf2 Kf5 60. d6 Bf6
61. d7 Ke6 62. Ke3 Kxd7 63. Kxe4 Ke6 64. g4 Bh4 65. g5 Bf2 66. f5+ Ke7 67. Kf3
Be1 68. Kg4 Kf7 69. h4 Bf2 70. h5 Be3 71. f6 Bd2 72. Kf5 Be3 73. g6+ Kg8 74. Ke6
Bh6 75. g7 Bg5 76. Ke7 Bh4 77. h6 Bg5 78. h7+ Kxh7 79. Kf7 1-0

[Event "Indywidualne Mistrzostwa Polski do lat 20"]
[Site "Osrodek „SUDETY”, Pokrzywna 75"]
[Date "1899-12-30"]
[Round "3.14"]
[White "Dalkowski, Rafal"]
[Black "Kutowski, Marcel"]
[Result "1-0"]
[WhiteTitle "k"]
[BlackTitle "I+"]
[WhiteElo "2126"]
[BlackElo "1894"]

1. d4 Nf6 2. c4 e6 3. Nf3 b6 4. g3 Bb7 5. Bg2 Bb4+ 6. Bd2 c5 7. Bxb4 cxb4 8. O-O
O-O 9. a3 bxa3 10. Rxa3 a5 11. Nc3 d6 12. Re1 Na6 13. e4 Rc8 14. Qe2 Nd7 15. Raa1
Nb4 16. Rad1 Ba6 17. b3 d5 18. exd5 exd5 19. Ne5 dxc4 20. Bh3 cxb3 21. Qb2 Nxe5
22. dxe5 Nd3 23. Qxb3 Qd4 24. Ne4 Rcd8 25. Bf1 Bc4 26. Qb1 Rfe8 27. Re3 Rxe5 28.
Bxd3 Red5 29. Nc3 Bxd3 30. Nxd5 Bxb1 31. Rxd4 Kf8 32. Nf6 1-0

[Event "Indywidualne Mistrzostwa Polski do lat 20"]
[Site "Osrodek „SUDETY”, Pokrzywna 75"]
[Date "1899-12-30"]
[Round "3.15"]
[White "Janeczko, Jakub"]
[Black "Bartodziej, Bartosz"]
[Result "1-0"]
[WhiteTitle "I++"]
[BlackTitle "I"]
[WhiteElo "2091"]
[BlackElo "1805"]

1. e4 c5 2. Nf3 d6 3. d4 cxd4 4. Nxd4 Nf6 5. Nc3 a6 6. f4 e6 7. Qf3 Qc7 8. g4 b5
9. g5 Nfd7 10. Bd3 Bb7 11. Be3 Nc5 12. O-O-O Nbd7 13. Kb1 Rc8 14. h4 g6 15. h5
Rg8 16. hxg6 hxg6 17. Bf2 Bg7 18. Bxb5 Bxd4 19. Bxd7+ Kxd7 20. Rxd4 Nxe4 21. Rxe4
Rb8 22. Rh7 Bxe4 23. Nxe4 Ke7 24. Bd4 Rgc8 25. Qd3 Rf8 26. Bg7 1-0

[Event "Indywidualne Mistrzostwa Polski do lat 20"]
[Site "Osrodek „SUDETY”, Pokrzywna 75"]
[Date "1899-12-30"]
[Round "3.16"]
[White "Bartoszczuk, Adam"]
[Black "Kazmierowski, Tymon"]
[Result "1/2-1/2"]
[WhiteTitle "I"]
[BlackTitle "I++"]
[WhiteElo "1380"]
[BlackElo "2077"]

1. e4 c5 2. Nf3 d6 3. d4 cxd4 4. Nxd4 Nf6 5. Nc3 a6 6. Be2 e5 7. Nb3 Be7 8. Bg5
Be6 9. Bxf6 Bxf6 10. Qd3 O-O 11. Rd1 Be7 12. Nd5 Bxd5 13. Qxd5 Nc6 14. c3 Qc7
15. O-O Rad8 16. Na1 Bg5 17. Nc2 b5 18. a3 Ne7 19. Qa2 Qc6 20. Bf3 a5 21. Rd3
Kh8 22. Re1 Qb6 23. a4 f5 24. Na3 fxe4 25. Rxe4 Ng6 26. b4 Nf4 27. Rd1 Bh4 28.
Nxb5 d5 29. Rxe5 Qg6 30. g3 Nh3+ 31. Kg2 Rxf3 32. Kxf3 Rf8+ 33. Kg2 Rxf2+ 34.
Qxf2 Nxf2 35. Rf1 Bf6 36. Rxf2 h5 37. Ref5 axb4 38. cxb4 Qg4 39. R5f4 Qd1 40.
a5 Qa4 41. Nd6 Qc6 42. Ra2 d4+ 43. Ne4 Bg5 44. Rf8+ Kh7 45. Kf3 Be7 46. Rf7 Bxb4
47. Rb2 Bc3 48. Rb6 Qd5 49. Rbb7 d3 50. Rbd7 Qxa5 51. Nxc3 Qxc3 52. Rxg7+ 1/2-1/2

[Event "Indywidualne Mistrzostwa Polski do lat 20"]
[Site "Osrodek „SUDETY”, Pokrzywna 75"]
[Date "1899-12-30"]
[Round "3.17"]
[White "Sowinski, Pawel"]
[Black "Stefaniuk, Zbigniew"]
[Result "1-0"]
[WhiteTitle "I++"]
[BlackTitle "II+"]
[WhiteElo "2075"]
[BlackElo "1601"]

1. Nf3 c5 2. c4 Nc6 3. g3 g6 4. Bg2 Bg7 5. O-O e6 6. Nc3 Nge7 7. d3 O-O 8. e4 d5
9. cxd5 exd5 10. Bf4 h6 11. Rc1 dxe4 12. dxe4 Nd4 13. Nxd4 cxd4 14. Nd5 Nxd5 15.
exd5 Qb6 16. Qd2 Kh7 17. Rfe1 Bf5 18. Re7 Bf6 19. Ree1 Bg7 20. h3 Rac8 21. g4
Bd7 22. Rxc8 Rxc8 23. Re7 Qd8 24. d6 Be6 25. Rxb7 Bxa2 26. Be4 Be6 27. Re7 Bf8
28. Rxa7 Bxd6 29. Bxg6+ Kxg6 30. Qd3+ Kg7 31. Qxd4+ Kg8 32. Bxd6 Rc6 33. Be5 Qxd4
34. Bxd4 Bd5 35. Ra8+ Kh7 36. Rh8+ Kg6 37. Rg8+ Kh7 38. Rg7+ Kh8 39. Rg5+ 1-0

[Event "Indywidualne Mistrzostwa Polski do lat 20"]
[Site "Osrodek „SUDETY”, Pokrzywna 75"]
[Date "1899-12-30"]
[Round "3.18"]
[White "Panek, Bartosz"]
[Black "Golis, Wiktor"]
[Result "1-0"]
[WhiteTitle "I++"]
[BlackTitle "I"]
[WhiteElo "2073"]
[BlackElo "1553"]

1. Nf3 c5 2. g3 Nc6 3. d4 cxd4 4. Nxd4 Nf6 5. Bg2 g6 6. O-O Bg7 7. e4 O-O 8. c3
Qc7 9. Na3 a6 10. Nac2 d6 11. h3 h5 12. Qe2 e5 13. Nb3 Be6 14. Rd1 a5 15. Bg5
a4 16. Nd2 Qb6 17. Qd3 Rac8 18. Be3 Qc7 19. Na3 Rfd8 20. Bg5 Na5 21. Qb5 Bd7 22.
Qd3 Be6 23. Qf3 Qe7 24. Nf1 Nc4 25. Nxc4 Bxc4 26. Ne3 Be6 27. Rd2 a3 28. Rc1 axb2
29. Rxb2 Ra8 30. c4 Rdc8 31. Bf1 Ra3 32. Nf5 Bxf5 33. Qxa3 Bxe4 34. Rd1 Rd8 35.
Rbd2 Qe6 36. Rxd6 Rxd6 37. Rxd6 Qf5 38. Qe3 Nh7 39. Rd8+ Bf8 40. Bh6 Qf6 41. Rxf8+
Nxf8 42. Qxe4 Ne6 43. Be3 1-0

[Event "Indywidualne Mistrzostwa Polski do lat 20"]
[Site "Osrodek „SUDETY”, Pokrzywna 75"]
[Date "1899-12-30"]
[Round "3.19"]
[White "Redzisz, Michal"]
[Black "Marciniak, Leonard"]
[Result "1-0"]
[WhiteTitle "FM"]
[BlackTitle "I+"]
[WhiteElo "2261"]
[BlackElo "1738"]

1. Nf3 Nf6 2. c4 g6 3. Nc3 d5 4. cxd5 Nxd5 5. h4 h5 6. Qb3 Nb6 7. Ng5 e6 8. g3
Bg7 9. Bg2 O-O 10. d3 Nc6 11. Be3 Bd7 12. O-O Nd4 13. Bxd4 Bxd4 14. Bxb7 Rb8 15.
Bf3 Na4 16. Qc4 c5 17. Nxa4 Rb4 18. Qc1 Bxa4 19. Rb1 Qb8 20. Ne4 f5 21. Qh6 fxe4
22. Qxg6+ Bg7 23. Qxe6+ Kh8 24. Bxe4 Rxe4 25. dxe4 Bc2 26. Rbc1 Bd4 27. Qh6+ Kg8
28. Qg6+ Kh8 29. Rxc2 Rf6 30. Qxh5+ Kg7 31. e3 1-0

[Event "Indywidualne Mistrzostwa Polski do lat 20"]
[Site "Osrodek „SUDETY”, Pokrzywna 75"]
[Date "1899-12-30"]
[Round "3.20"]
[White "Maslanka, Wojciech"]
[Black "Rog, Bartlomiej"]
[Result "1/2-1/2"]
[WhiteTitle "I"]
[BlackTitle "I++"]
[WhiteElo "1907"]
[BlackElo "2075"]

1. e4 e6 2. d4 d5 3. Nd2 Be7 4. c3 c5 5. exd5 Qxd5 6. Ngf3 Nf6 7. Bc4 Qh5 8. O-O
O-O 9. Nb3 cxd4 10. Nfxd4 Qxd1 11. Rxd1 a6 12. Bg5 b6 13. Re1 Bb7 14. Rad1 Nc6
15. Nxc6 Bxc6 16. Nd4 Bd5 17. Bxf6 Bxf6 18. Bxd5 exd5 19. Nc6 Rfc8 20. Ne7+ Bxe7
21. Rxe7 Re8 22. Rxe8+ Rxe8 23. Kf1 Re5 24. Rd4 Kf8 25. Rb4 b5 26. a4 bxa4 27.
Rxa4 Re6 28. Rd4 Rb6 29. b4 Rc6 30. Rd3 d4 31. cxd4 Rc4 32. Ra3 1/2-1/2

[Event "Indywidualne Mistrzostwa Polski do lat 20"]
[Site "Osrodek „SUDETY”, Pokrzywna 75"]
[Date "1899-12-30"]
[Round "3.21"]
[White "Jedrusik, Adam"]
[Black "Zielonka, Adam"]
[Result "0-1"]
[WhiteTitle "I++"]
[BlackTitle "I"]
[WhiteElo "1995"]
[BlackElo "1862"]

1. d4 Nf6 2. c4 e6 3. g3 c5 4. d5 exd5 5. cxd5 d6 6. Nc3 g6 7. Nf3 Bg7 8. Bg2 O-O
9. O-O Re8 10. Nd2 a6 11. a4 Nbd7 12. h3 Rb8 13. Nc4 Ne5 14. Na3 Nh5 15. e4 Qc7
16. Kh2 c4 17. Be3 Nd3 18. Qd2 Bd7 19. a5 Nc5 20. Rae1 Nb3 21. Bb6 Qxb6 22. axb6
Nxd2 23. Rg1 Rbc8 24. Re2 Nb3 0-1